Integrated design of alternative technologies for bulk-only chemical agent disposal facilities (Record no. 164333)
[ view plain ]
| 000 -LEADER | |
|---|---|
| fixed length control field | 01746nam a22003614a 4500 |
| 082 04 - DEWEY DECIMAL CLASSIFICATION NUMBER | |
| Classification number | 355.6/2137 |
| 245 10 - TITLE STATEMENT | |
| Title | Integrated design of alternative technologies for bulk-only chemical agent disposal facilities |
| 260 ## - PUBLICATION, DISTRIBUTION, ETC. (IMPRINT) | |
| Place of publication | Washington, D.C. : |
| Name of publisher | National Academy Press, |
| Year of publication | c2000. |
| 300 ## - PHYSICAL DESCRIPTION | |
| Number of Pages | xv, 42 p. : |
| Other physical details | ill. |
| 490 1# - SERIES STATEMENT | |
| Series statement | The compass series |
| 650 #0 - SUBJECT ADDED ENTRY--TOPICAL TERM | |
| Topical Term | Chemical weapons |
| Topical Term | Chemical agents (Munitions) |
| Topical Term | Decontamination (from gases, chemicals, etc.) |
| Topical Term | Explosive ordnance disposal. |
| Topical Term | Hazardous wastes |
| 856 40 - ELECTRONIC LOCATION AND ACCESS | |
| Uniform Resource Identifier | http://site.ebrary.com/lib/rucke/Doc?id=10038573 |
No items available.
